| 000 | 00342nam a2200121Ia 4500 | ||
|---|---|---|---|
| 008 | 210430s9999 xx 000 0 und d | ||
| 082 | _a620.11 T3741 T | ||
| 100 |
_aNissim Garti _952549 |
||
| 245 |
_aThermal Behavior of Dispersed Systems _cNissim Garti |
||
| 260 |
_aNew York _bMarcel Dekker.INC _c2001 |
||
| 300 | _a520p. | ||
| 942 |
_cBK _2ddc |
||
| 999 |
_c561837 _d561837 |
||